[Event "20th Zadar Open A 2013"]
[Site "Zadar CRO"]
[Date "2013.12.21"]
[Round "9.3"]
[White "Kozul,Z"]
[Black "Stevic,H"]
[Result "1/2-1/2"]
[WhiteElo "2590"]
[BlackElo "2611"]

1.d4 d5 2.c4 dxc4 3.e4 e5 4.Nf3 Bb4+ 5.Nc3 exd4 6.Qxd4 Qxd4 7.Nxd4 Nf6 8.f3 Bc5
9.Ndb5 Na6 10.Bf4 c6 11.Nd6+ Bxd6 12.Bxd6 Be6 13.e5 Nd5 14.Bxc4 Nab4 15.Bxd5 Nxd5
16.Ne4 Bf5 17.O-O Nf4 18.a4 Bxe4 19.fxe4 Ne6 20.a5 a6 21.Rad1 Rd8 22.Kf2 Rd7
23.Ke3 h6 24.Rd2 Rd8 25.h3 Rd7 26.Rd3 h5 27.h4 Rh6 28.Rf5 Rd8 29.g3 Rg6 30.Kf2 Rh6
31.Ke2 Rd7 32.Kd2 Rd8 33.Kc3 Rd7 34.Kd2 Rd8 35.Ke2 Rd7 36.Rd1 Rd8 37.Rd3  1/2-1/2

[Event "WYCC U16 Girls 2013"]
[Site "Al-Ain UAE"]
[Date "2013.12.22"]
[Round "6.15"]
[White "Machlik,Monika"]
[Black "Wozniak,Mari"]
[Result "0-1"]
[WhiteElo "1936"]
[BlackElo "2079"]

1.d4 d5 2.c4 dxc4 3.e4 e5 4.Nf3 exd4 5.Bxc4 Nc6 6.O-O Be6 7.Bxe6 fxe6 8.Qb3 Qd7
9.Qxb7 Rb8 10.Qa6 Nf6 11.Nbd2 Bd6 12.b3 O-O 13.Bb2 e5 14.Rfc1 Rb6 15.Qe2 Kh8
16.Nc4 Rbb8 17.Ne1 Ne7 18.Nd3 Ng6 19.Rc2 Rf7 20.Rac1 Rbf8 21.Na5 Nf4 22.Nxf4 exf4
23.Qf3 Re8 24.Bxd4 Nxe4 25.Nc4 Ng5 26.Qc3 f3 27.Nxd6 cxd6 28.Qc6 Rfe7 29.h3 Qe6
30.Kh2 Rf8 31.Be3 Qe5+ 32.g3 Nxh3 33.Rc4 Ng5 34.Rh4 Ne4 35.Re1 Nxg3 36.fxg3 Qb2+
37.Kh3 Qg2+ 38.Kg4 f2 39.Qxg2 fxe1=Q 40.Qd2 Qxe3  0-1

[Event "Al-Ain Classic Open A 2013"]
[Site "Al-Ain UAE"]
[Date "2013.12.27"]
[Round "8.20"]
[White "Karavade,E"]
[Black "Rzayev,B"]
[Result "1/2-1/2"]
[WhiteElo "2380"]
[BlackElo "2465"]

1.d4 d5 2.c4 dxc4 3.e4 e5 4.Nf3 exd4 5.Bxc4 Nc6 6.O-O Be6 7.Bb5 Bc5 8.b4 Bb6
9.a4 a5 10.bxa5 Rxa5 11.Nbd2 Ra8 12.Nb3 Bxb3 13.Qxb3 Ne7 14.Ba3 O-O 15.Bxc6 bxc6
16.Rfc1 Kh8 17.Qc4 Qd7 18.Ne5 Qe8 19.Bxe7 Qxe7 20.Nxc6 Qxe4 21.a5 Ba7 22.Re1 Qf5
23.Re5 Qf6 24.Rf1 d3 25.Rd5 Qe6 26.Qb5 Qe2 27.Rxd3 Bc5 28.Rb3 Qxb5 29.Rxb5 Bd6
30.Rfb1 Ra6 31.Nb8 Ra8 32.Nd7 c6 33.Rf5 Rfd8 34.Nb6 Ra7 35.Nc4 h6 36.g3 f6
37.Rb6 Be5 38.Rxc6 Rd1+ 39.Kg2 Ra1 40.h4 Kh7 41.h5 Ra4 42.Rf3 Bc7 43.Re3 Bxa5
44.Rc8 Rc7 45.Ra8 Raxc4 46.Ree8 g5 47.Rxa5 Kg7 48.Raa8 R4c5 49.Rh8 R7c6 50.Rhd8 f5
51.Rd7+ Kf6 52.Rh8 Ke5 53.Re7+ Kd4 54.Reh7 g4 55.Rxh6 Rxh6 56.Rxh6 Ke5 57.Rg6 Rc7
58.h6 Rh7 59.Ra6 Rb7 60.Rg6 Rh7 61.Kf1 f4 62.Rg5+ Kf6 63.Rh5 fxg3 64.fxg3 Kg6
65.Rh4 Rxh6  1/2-1/2

[Event "6th Marseille Open 2013"]
[Site "Marseille FRA"]
[Date "2013.12.27"]
[Round "4.4"]
[White "Petkov,V"]
[Black "Petrossian,A"]
[Result "1/2-1/2"]
[WhiteElo "2558"]
[BlackElo "2381"]

1.d4 d5 2.c4 dxc4 3.e4 e5 4.Nf3 exd4 5.Bxc4 Nc6 6.O-O Be6 7.Bb5 Bc5 8.b4 Bb6
9.a4 a6 10.Bxc6+ bxc6 11.a5 Ba7 12.Bb2 Ne7 13.Bxd4 Bc4 14.Re1 Bxd4 15.Nxd4 Qd6
16.Na3 Bb5 17.Nf5 Qxd1 18.Raxd1 g6 19.Nh6 Rf8 20.Ng4 f5 21.exf5 Rxf5 22.Nh6 Rf8
23.Re6 Rd8 24.Rde1 Rd7 25.Nxb5 cxb5 26.Rxa6 Rf4 27.g3 Rfd4 28.Rae6 Kf8 29.a6 Rxb4
30.a7 Ra4 31.Ng4 c5 32.Nf6 Rdxa7 33.Nxh7+ Ke8 34.Nf6+ Kf7 35.Nh7 Nf5 36.Ng5+ Kg7
37.R1e5 Nd4 38.Rb6 R4a6 39.Rxa6 Rxa6 40.Rxc5 b4 41.Rc7+ Kf8 42.Rb7 b3 43.Ne4 Rc6
44.Rb4 Rc2 45.Rxd4 b2 46.Rb4 Rc1+ 47.Kg2 b1=Q 48.Rxb1 Rxb1 49.h4 Rb3 50.Kh3 Kg7
51.Kg4 Kh6 52.Kf4 Ra3 53.f3 Ra2 54.Kg4 Ra4 55.Kh3 Ra3 56.Ng5 Ra4 57.g4 Rb4
58.Kg3 Rb1 59.Nh3 Kg7 60.Nf4 Rb3 61.Ne6+ Kf6 62.Nc5 Rb5 63.Ne4+ Ke5 64.g5 Rb1
65.Kg4 Rb3 66.Nf6 Rb4+ 67.Kg3 Kf5 68.Nd5 Rb7 69.Ne3+ Ke5 70.f4+ Ke4 71.Nc4 Rb4
72.Nd6+ Kd5 73.Nf7 Ke6 74.Nh6 Rb5 75.Kf3 Rb3+ 76.Kg4 Rb4 77.Ng8 Rb1 78.Nf6 Rg1+
79.Kf3 Rf1+ 80.Kg3 Rg1+ 81.Kf3 Rf1+ 82.Kg3 Rg1+  1/2-1/2

[Event "51st Groningen Open A 2013"]
[Site "Groningen NED"]
[Date "2013.12.30"]
[Round "9.6"]
[White "Greenfeld,A"]
[Black "Spoelman,W"]
[Result "1-0"]
[WhiteElo "2531"]
[BlackElo "2585"]

1.d4 d5 2.c4 dxc4 3.e4 e5 4.Nf3 exd4 5.Bxc4 Nc6 6.O-O Bc5 7.Qb3 Qe7 8.Bg5 Qf8
9.Na3 Bb6 10.Rac1 h6 11.Bf4 Nf6 12.Bd5 Bd7 13.Nb5 Rc8 14.Bxc6 bxc6 15.Nbxd4 Qe7
16.Nxc6 Bxc6 17.Rxc6 Nxe4 18.Be5 Nd2 19.Nxd2 Qxe5 20.Nf3 Qf5 21.Qb4 Rd8 22.Rc4 Rd6
23.Rf4 Qd5 24.Re1+ Kd8 25.Ne5 f6 26.Nc4 Rd7 27.a4 Re8 28.Rxe8+ Kxe8 29.g3 Bd4
30.Qb8+ Kf7 31.Qb3 c5 32.Rf5 Qe6 33.Qc2 Re7 34.Rf3 Qd5 35.Qd3 g6 36.Kg2 Kg7
37.h4 h5 38.b3 Qe6 39.Ne3 Rd7 40.Qc4 Qe4 41.Nc2 f5 42.a5 Kh7 43.b4 Bg7 44.Qxc5 Rd1
45.Ne3 Ra1 46.Qc4 Qxc4 47.Nxc4 Rb1 48.Nd6 Rxb4 49.Nf7 Bd4 50.Rd3 Ra4 51.Ng5+ Kg8
52.Rb3 Kf8 53.Rb7 Ke8 54.Ne6 a6 55.Nxd4 Rxd4 56.Rb6 Kf7 57.Kf3 Ra4 58.Rxa6 Ra2
59.Ke3 Kg7 60.Ra8 Kf7 61.a6 Kg7 62.f4 Ra3+ 63.Kd4 Rxg3 64.Rb8 Ra3 65.Rb7+ Kh6
66.a7 g5 67.hxg5+ Kg6 68.Kc5 h4 69.Kb5 Kh5 70.g6 Kh6 71.g7 Kh7 72.Rb8  1-0

[Event "51st Groningen Open A 2013"]
[Site "Groningen NED"]
[Date "2013.12.30"]
[Round "9.13"]
[White "Goudriaan,E"]
[Black "Donchenko,Alexa"]
[Result "1-0"]
[WhiteElo "2429"]
[BlackElo "2455"]

1.d4 d5 2.c4 dxc4 3.e4 b5 4.Nc3 a6 5.a4 b4 6.Nce2 Bb7 7.Ng3 e6 8.Bxc4 c5
9.d5 exd5 10.exd5 Nf6 11.Bg5 Be7 12.Nf5 h6 13.d6 Bxg2 14.Qb3 Bf8 15.Nf3 Qd7
16.Qe3+ Kd8 17.Ne5 Qxf5 18.Qxc5 Qe4+ 19.Kd2 Qb7 20.Bxf6+ gxf6 21.Nxf7+ Kd7
22.Qf5+  1-0

[Event "Prague Open A 2014"]
[Site "Prague CZE"]
[Date "2014.01.17"]
[Round "9.13"]
[White "Szotkowski,J"]
[Black "Berzinsh,R"]
[Result "0-1"]
[WhiteElo "2183"]
[BlackElo "2421"]

1.d4 d5 2.c4 dxc4 3.e4 Nc6 4.Nf3 Bg4 5.d5 Ne5 6.Bf4 Ng6 7.Be3 e5 8.Bxc4 a6
9.Qb3 b5 10.Be2 Bd7 11.h4 Bd6 12.Nbd2 h6 13.h5 Nf8 14.O-O Nf6 15.Ne1 Ng4
16.Bxg4 Bxg4 17.f4 Nd7 18.Nd3 O-O 19.fxe5 Nxe5 20.Nxe5 Bxe5 21.Nf3 Bg3 22.Bd4 Bxh5
23.e5 Re8 24.Rad1 Bxf3 25.Qxf3 Qh4 26.Qxf7+ Kh8 27.Rf3 Qh2+ 28.Kf1 Bxe5 29.Re1 Qh1+
30.Bg1 Qh4 31.Bf2 Qh1+ 32.Bg1 Qh4 33.Bf2 Qc4+ 34.Kg1 Qb4 35.Rb3 Qd6 36.Qh5 Re7
37.Rbe3 Rae8 38.Kh1 Bxb2 39.Qxe8+ Rxe8 40.Rxe8+ Kh7 41.R8e2 Bc3 42.Rd1 c6
43.Rd3 b4 44.Re6 Qf4 45.Rf3 Qc1+ 46.Kh2 cxd5 47.Rxa6 Qf1 48.Ra5 Qc4 49.Ra7 Be5+
50.g3 d4 51.Re7 Qd5 52.Rff7 Qxa2 53.Rxe5 Qxf7 54.Bxd4 Qd7 55.Re4 b3 56.Kg1 Qd5
57.Rf4 Kg8  0-1

[Event "Prague Open A 2014"]
[Site "Prague CZE"]
[Date "2014.01.17"]
[Round "9.8"]
[White "Constantinou,Pe"]
[Black "Mishuchkov,N"]
[Result "1/2-1/2"]
[WhiteElo "2274"]
[BlackElo "2353"]

1.d4 d5 2.c4 dxc4 3.e4 c5 4.d5 e6 5.Nc3 Nf6 6.Bxc4 exd5 7.Nxd5 Nxd5 8.Bxd5 Be7
9.Ne2 O-O 10.O-O Qb6 11.Nc3 Nc6  1/2-1/2

[Event "TCh-CZE Extraliga 2013-14"]
[Site "Lysa nad Labem CZE"]
[Date "2014.01.18"]
[Round "5.3"]
[White "Stocek,J"]
[Black "Sobek,J"]
[Result "1-0"]
[WhiteElo "2543"]
[BlackElo "2328"]

1.d4 d5 2.c4 dxc4 3.e4 e5 4.Nf3 exd4 5.Bxc4 Nc6 6.O-O Bc5 7.Ng5 Nh6 8.Nxf7 Nxf7
9.Bxf7+ Kxf7 10.Qh5+ g6 11.Qxc5 Qe7 12.Qc2 Be6 13.Nd2 Rad8 14.Nf3 h6 15.Rd1 Kg7
16.h3 Rhf8 17.Ne1 Bf7 18.b3 Kh7 19.f3 g5 20.Nd3 Bg6 21.Bb2 Rf7 22.Rac1 a5
23.Qc5 Qxc5 24.Nxc5 b6 25.Nb7 Rb8 26.Rxc6 Rxb7 27.Rxd4 b5 28.Rd8  1-0

[Event "Vladimir Dvorkovich Mem 2014"]
[Site "Taganrog RUS"]
[Date "2014.01.20"]
[Round "3.13"]
[White "Korobov,A"]
[Black "Lopukhin,A"]
[Result "1-0"]
[WhiteElo "2723"]
[BlackElo "2327"]

1.d4 d5 2.c4 dxc4 3.e4 Nf6 4.e5 Nd5 5.Bxc4 Nb6 6.Bb3 Bf5 7.Nc3 e6 8.Nge2 Nc6
9.Be3 Qd7 10.O-O Be7 11.Rc1 Nb4 12.Ng3 Bg6 13.Nce4 c6 14.a3 N4d5 15.Bd2 Rd8
16.Qf3 Nc7 17.Rcd1 Nb5 18.Be3 Nd5 19.Bc1 O-O 20.Qg4 Bf5 21.Qf3 Bg6 22.Nh5 Kh8
23.a4 Nbc7 24.Rfe1 f5 25.exf6 gxf6 26.h4 Rf7 27.Nhg3 Rg8 28.Nc5 Bxc5 29.dxc5 h5
30.Bd2 Qe7 31.Bc3 Qxc5 32.Bxd5 Nxd5 33.Rxe6 Nxc3 34.bxc3 Rgf8 35.Rd4 Kg7
36.Qe3 Qb6 37.Kh2 Rd8 38.f4 Rxd4 39.cxd4 Qa5 40.f5 Bxf5 41.Nxh5+  1-0

[Event "TCh-LTU 2014"]
[Site "Lithuania LTU"]
[Date "2014.01.26"]
[Round "2.3"]
[White "Stremavicius,T"]
[Black "Bucinskas,V"]
[Result "1-0"]
[WhiteElo "2269"]
[BlackElo "2360"]

1.d4 d5 2.c4 dxc4 3.e4 c5 4.Nf3 cxd4 5.Qxd4 Qxd4 6.Nxd4 a6 7.Bxc4 e6 8.Be3 Nf6
9.f3 b5 10.Be2 Bb7 11.Nd2 Nfd7 12.Rc1 e5 13.N4b3 Nc6 14.Kf2 g6 15.Rc2 Bd6
16.a3 Ke7 17.Nb1 Rac8 18.Nc3 Rhd8 19.Rd1 Ncb8 20.Rcd2 Bxa3 21.Nxb5 Bb4 22.Nd6 Bxd2
23.Nxc8+ Rxc8 24.Rxd2 Rc7 25.Na5 Bc8 26.Nc4 Rc6 27.g4 f6 28.g5 Nc5 29.gxf6+ Kxf6
30.Rd6+ Ne6 31.Ba7  1-0

[Event "TCh-SWE Elitserien 2013-14"]
[Site "Sweden SWE"]
[Date "2014.02.01"]
[Round "5.1"]
[White "Johansson,Linus"]
[Black "Vernersson,P"]
[Result "1-0"]
[WhiteElo "2338"]
[BlackElo "2332"]

1.d4 d5 2.c4 dxc4 3.e4 Nf6 4.e5 Nd5 5.Bxc4 Nb6 6.Bd3 Nc6 7.Ne2 Bg4 8.f3 Bh5
9.Bb5 e6 10.Nbc3 Be7 11.Be3 Bh4+ 12.Bf2 Bxf2+ 13.Kxf2 O-O 14.Bxc6 bxc6 15.Nf4 Bg6
16.Rc1 Qh4+ 17.g3 Qe7 18.Nce2 Qb4 19.Qb3 Qxb3 20.axb3 Nd5 21.Rxc6 Nxf4 22.Nxf4 Rfb8
23.Rc3 a5 24.Ra1 c6 25.Ke3 Ra6 26.Kd2 Kf8 27.Ra3 a4 28.h4 h6 29.Nxg6+ fxg6
30.Rxa4 Rxa4 31.bxa4 Rxb2+ 32.Ke3 Rb6 33.a5 Ra6 34.Ra3 Ke7 35.g4 Kd7 36.f4 Ke7
37.Ke4 Kf7 38.Ra4 Ke7 39.f5 gxf5+ 40.gxf5 Kf7 41.fxe6+ Kxe6 42.h5 Ke7 43.Kf5 Kd7
44.Kg6 Ke6 45.Kxg7 Kd5 46.Ra1 c5 47.dxc5 Kxe5 48.c6 Kd6 49.Kxh6 Kxc6 50.Kg5  1-0

[Event "FSGM Feb 2014"]
[Site "Budapest HUN"]
[Date "2014.02.02"]
[Round "2.2"]
[White "Wang Puchen"]
[Black "Lundin,J"]
[Result "1/2-1/2"]
[WhiteElo "2458"]
[BlackElo "2320"]

1.d4 d5 2.c4 dxc4 3.e4 e5 4.Nf3 exd4 5.Bxc4 Nc6 6.O-O Be6 7.Bb5 Bc5 8.b4 Bb6
9.a4 a6 10.Bxc6+ bxc6 11.a5 Ba7 12.Bb2 Nf6 13.Bxd4 Nxe4 14.Bxa7 Qxd1 15.Rxd1 Rxa7
16.Ne5 Bd5 17.f3 Nf6 18.Nc3 O-O 19.Rd4 Re8 20.Nd3 Raa8 21.Kf2 Red8 22.Nc5 Kf8
23.Rad1 Ke7 24.g4 h6 25.h4 Nh7 26.f4 Nf6 27.g5 hxg5 28.hxg5 Nd7 29.N3a4 Be6
30.Ne4 Rh8 31.Nac5 Nxc5 32.Nxc5 Bd5 33.Kg3 Rh5 34.Re1+ Kd6 35.Ne4+ Kd7 36.Nc5+ Kd6
37.Ne4+ Kd7 38.Nc3 Rah8 39.Nxd5 cxd5 40.Rxd5+ Kc8 41.Re3 g6 42.Rde5 Rh3+
43.Kf2 Rh2+ 44.Kf3 R8h3+ 45.Ke4 Rxe3+ 46.Kxe3 Kd7 47.Rd5+ Ke7 48.Kd3 Rf2
49.Rd4 Rf1 50.Kc4 Rc1+ 51.Kd5 c6+ 52.Ke5 c5 53.bxc5 Rxc5+ 54.Rd5 Rxd5+ 55.Kxd5 Kd7
56.Kc5  1/2-1/2

[Event "Gibraltar Masters 2014"]
[Site "Caleta ENG"]
[Date "2014.02.05"]
[Round "9.36"]
[White "Flear,G"]
[Black "Martinez Reyes,P"]
[Result "1-0"]
[WhiteElo "2471"]
[BlackElo "2245"]

1.d4 d5 2.c4 dxc4 3.e4 e5 4.Nf3 exd4 5.Bxc4 Nc6 6.O-O Be6 7.Bb5 Bc5 8.b4 Bb6
9.a4 a6 10.Bxc6+ bxc6 11.a5 Ba7 12.Bb2 Nf6 13.Bxd4 Nxe4 14.Bxa7 Qxd1 15.Rxd1 Rxa7
16.Nd4 Bd5 17.f3 Nd6 18.Nc3 Kd7 19.Na4 Rb8 20.Nc5+ Kc8 21.Rab1 Nb7 22.Re1 Kd8
23.Nd3 f6 24.Nf4 Kd7 25.Nf5 Re8 26.Rxe8 Kxe8 27.Re1+ Kf8 28.Re7 Nd8 29.Rxg7 Ne6
30.Rg4 Rb7 31.Nh5 Kf7 32.Nh6+ Ke7 33.Nf5+ Kf7 34.Nh6+ Ke7 35.Ng8+ Kd6 36.Nhxf6 c5
37.Nxd5 Kxd5 38.Nf6+ Kc6 39.bxc5 Rb5 40.Nxh7 Rxc5 41.Rg6 Kd7 42.h4 Rxa5 43.h5 Ke7
44.h6 Rf5 45.g4 Rxf3 46.Rxe6+  1-0

[Event "Bunratty Masters 2014"]
[Site "Bunratty IRL"]
[Date "2014.02.08"]
[Round "2.2"]
[White "Greenfeld,A"]
[Black "Mannion,Stephen R"]
[Result "1-0"]
[WhiteElo "2532"]
[BlackElo "2365"]

1.d4 d5 2.c4 dxc4 3.e4 e5 4.Nf3 Bb4+ 5.Nc3 exd4 6.Nxd4 Ne7 7.Bf4 a6 8.Bxc4 O-O
9.O-O b5 10.Be2 Bb7 11.Nb3 Bxc3 12.bxc3 Bxe4 13.Qxd8 Rxd8 14.Nc5 Bd5 15.a4 bxa4
16.c4 Bc6 17.Bg4 f5 18.Bh3 Nd7 19.Ne6 Rdc8 20.Bg5 Nf6 21.Rfe1 Kf7 22.Nxg7 Kxg7
23.Rxe7+ Kg6 24.Bxf6 Kxf6 25.Rxh7 Kg6 26.Re7 Re8 27.Rxc7 Re6 28.g4 Be4 29.f3 Bc2
30.gxf5+ Bxf5 31.Bxf5+ Kxf5 32.Rxa4 Re2 33.Ra5+ Kf4 34.Rf7+ Ke3 35.Re7+  1-0

[Event "TCh-NED Meesterklasse 2013-14"]
[Site "Netherland NED"]
[Date "2014.02.08"]
[Round "5.9"]
[White "De Jong,JW"]
[Black "Vedder,R"]
[Result "1-0"]
[WhiteElo "2455"]
[BlackElo "2264"]

1.d4 d5 2.c4 dxc4 3.e4 c5 4.d5 Nf6 5.Nc3 b5 6.Bf4 Qa5 7.Bd2 b4 8.e5 bxc3
9.Bxc3 Qc7 10.exf6 exf6 11.Bxc4 Bd6 12.Qe2+ Qe7 13.O-O-O Qxe2 14.Nxe2 O-O
15.Ng3 Nd7 16.Nf5 Bf4+ 17.Bd2 Bxd2+ 18.Rxd2 Ne5 19.Ne3 Rd8 20.Rhd1 Rb8 21.Kc2 g5
22.Kc3 Kg7 23.Bd3 h5 24.Bf5 Ba6 25.b3 Rd6 26.Be4 Bc8 27.Bf5 Ba6 28.Be4 Bc8
29.f3 Kf8 30.g3 f5 31.f4 gxf4 32.gxf4 Ng6 33.Bxf5 Nxf4 34.Rf1 Bxf5 35.Rxf4 Bd7
36.Nc4 Ra6 37.Ne5 Ke8 38.Rxf7 Bg4 39.Rg7 Rb4 40.d6 Rd4 41.Rg8+  1-0

[Event "ch-CRO 2014"]
[Site "Porec CRO"]
[Date "2014.02.08"]
[Round "6.2"]
[White "Jankovic,A"]
[Black "Stevic,H"]
[Result "0-1"]
[WhiteElo "2563"]
[BlackElo "2620"]

1.d4 d5 2.c4 dxc4 3.e4 e5 4.Nf3 Bb4+ 5.Nc3 exd4 6.Nxd4 Nd7 7.Bxc4 Ngf6 8.O-O O-O
9.Bg5 Bxc3 10.bxc3 h6 11.Bh4 Ne5 12.Bb3 Ng6 13.Bxf6 Qxf6 14.f4 c5 15.Ne2 Bg4
16.e5 Qa6 17.c4 Rad8 18.Qc2 Bxe2 19.Qxe2 f5 20.exf6 Qxf6 21.g3 Ne7 22.Rad1 Nf5
23.Rxd8 Rxd8 24.Re1 Qc3 25.Rd1 Rxd1+ 26.Qxd1 Qe3+ 27.Kg2 Nd4 28.Qh5 Qe4+
29.Kf2 Kh7 30.Bd1 Qb1 31.a4 Qa2+ 32.Be2 Qc2 33.Qe5 a5 34.h4 Nxe2 35.Qxe2 Qxa4
36.Qe4+ Kh8 37.Qxb7 Qc2+ 38.Kf3 a4 39.Qc8+ Kh7 40.Qxc5 Qd3+ 41.Kg4 a3 42.Qa5 Qd7+
43.Kf3 Qd1+ 44.Ke3 Qb3+ 45.Kd4 Qb2+ 46.Ke3 a2 47.h5 Qb1  0-1

[Event "TCh-BEL 2013-14"]
[Site "Belgium BEL"]
[Date "2014.02.09"]
[Round "9.7"]
[White "Bruehl,A"]
[Black "Hommerson,P"]
[Result "1/2-1/2"]
[WhiteElo "2366"]
[BlackElo "2248"]

1.d4 d5 2.c4 dxc4 3.e4 e5 4.Nf3 exd4 5.Bxc4 Bb4+ 6.Nbd2 Nc6 7.O-O Nf6 8.Qb3 O-O
9.e5 Ng4 10.Ne4 Be7 11.e6 f6 12.Bf4 Kh8 13.Qb5 Nce5 14.Bxe5 c6 15.Qb3 Nxe5
16.Nxe5 fxe5 17.Qh3 Rf4 18.g3 Rxe4 19.Bd3 Rh4 20.gxh4 Qd6 21.Rae1 Bxe6 22.Qg3 Bf6
23.b3 a5 24.h5 a4 25.Bc4 Bxc4 26.bxc4 b5 27.cxb5 cxb5 28.f4 exf4 29.Qxf4 Qxf4
30.Rxf4 h6 31.Rb1 Rb8 32.Rf5 b4 33.Kf2 b3 34.axb3 axb3 35.Ke2 Re8+ 36.Kd3 Re3+
37.Kc4 Rc3+ 38.Kb4 Rh3 39.Rxb3 Rxh2 40.Kc4 Kh7 41.Rd3 Bg5 42.Kxd4 Rxh5 43.Ke4 Rh4+
44.Kf3 Kg6 45.Rfd5 Bf6 46.Rd1 h5 47.Rg1+ Kh6 48.Rd6 Ra4 49.Rgd1 Ra8 50.Kf4 Rf8
51.Kf5 Kh7 52.Rxf6 Rxf6+ 53.Kg5 Rh6 54.Kh4 Kg8 55.Ra1 Rh7 56.Ra8+ Kf7 57.Ra7+ Kf6
58.Ra6+ Ke5 59.Ra5+ Ke4 60.Ra4+ Kd3 61.Ra3+ Kc2 62.Ra2+ Kb1 63.Rg2  1/2-1/2

[Event "Bronstein Mem Open A 2014"]
[Site "Minsk BLR"]
[Date "2014.02.11"]
[Round "1.8"]
[White "Harutyunian,T"]
[Black "Popov,Iv RUS"]
[Result "0-1"]
[WhiteElo "2405"]
[BlackElo "2653"]

1.d4 d5 2.c4 dxc4 3.e4 Nf6 4.e5 Nd5 5.Bxc4 Nb6 6.Bb3 Nc6 7.Be3 Bf5 8.Ne2 e6
9.Nbc3 Qd7 10.O-O O-O-O 11.a3 h5 12.Rc1 h4 13.h3 Qe8 14.Ba4 Nxa4 15.Qxa4 Bd3
16.Rfd1 Bxe2 17.Nxe2 Kb8 18.Nc3 a6 19.b4 Na7 20.Qb3 Nb5 21.d5 exd5 22.Nxd5 c6
23.a4 Rxd5 24.Rxd5 cxd5 25.axb5 Qxb5 26.Qc2 Qd7 27.b5 Ba3 28.Ra1 Rc8 29.Qa2 Bc5
30.bxa6 b6 31.a7+ Ka8 32.Qb3 Qc6 33.Rc1 Qb7 34.Ra1 g6 35.Rd1 Bxe3 36.Qxe3 Rc5
37.e6 fxe6 38.Qxe6 Qc6 39.Qf7 Rc1 40.Qf8+ Qc8 41.Qxc8+ Rxc8 42.Rxd5 Kxa7
43.Rg5 Rc6 44.Rg4 b5 45.Rxh4 Ka6 46.Rh8 b4 47.Rb8 Rb6 48.Ra8+ Kb5 49.Ra1 b3
50.h4 Kc4 51.g4 b2 52.Rb1 Kc3 53.Kg2 Kc2 54.Rxb2+ Rxb2 55.Kg3 Kd3 56.f3 Ke3
57.h5 g5  0-1

[Event "ch-LTU w 2014"]
[Site "Vilnius LTU"]
[Date "2014.02.17"]
[Round "1.8"]
[White "Ramanauskaite,G"]
[Black "Semonaviciute,Migle"]
[Result "1-0"]
[WhiteElo "1981"]
[BlackElo "1566"]

1.d4 d5 2.c4 dxc4 3.e4 g6 4.Bxc4 Bg7 5.Nf3 Bg4 6.Qb3 e6 7.d5 Qc8 8.Ng5 h6
9.dxe6 Bxe6 10.Nxe6 fxe6 11.Bxe6 Nd7 12.Bxg8 Ne5 13.O-O Qd7 14.Rd1 Qe7 15.Nc3 c6
16.Be3 Rd8 17.Rxd8+ Kxd8 18.Rd1+ Kc8 19.Bxa7 b5 20.Qe6+ Qxe6 21.Bxe6+ Kc7
22.f4 Kb7 23.Bc5 Nc4 24.Rd7+ Kb8 25.Rxg7 Rd8 26.Bxc4 bxc4 27.e5 Re8 28.Rxg6 Kb7
29.e6 Kc7 30.Rg7+ Kc8 31.e7 Kd7 32.f5 h5 33.Ne4 h4 34.Nf6+ Kc7 35.Nxe8+ Kd7
36.Nf6+ Kc7 37.e8=Q+  1-0

[Event "Caissa GM Feb 2014"]
[Site "Kecskemet HUN"]
[Date "2014.02.20"]
[Round "6.3"]
[White "Wang Puchen"]
[Black "Varga,Zo"]
[Result "0-1"]
[WhiteElo "2458"]
[BlackElo "2445"]

1.d4 d5 2.c4 dxc4 3.e4 e5 4.Nf3 exd4 5.Bxc4 Nc6 6.O-O Be6 7.Bb5 Bc5 8.b4 Bb6
9.a4 a6 10.Bxc6+ bxc6 11.a5 Ba7 12.Bb2 Bg4 13.Nbd2 Rb8 14.Qc2 Qd6 15.Qd3 c5
16.bxc5 Bxc5 17.Nc4 Qf6 18.Bxd4 Bxd4 19.Qxd4 Bxf3 20.Ne5 Be2 21.Qd7+ Kf8
22.Qxc7 Rd8 23.Nxf7 Re8 24.Nxh8 Bxf1 25.Rxf1 Nh6 26.Rb1 Kg8 27.e5 Qf8 28.h3 Kxh8
29.g3 Ng8 30.Qa7 Ra8 31.Qd7 h6 32.Rd1 Rc8 33.e6 Ne7 34.Qd3 Rc6 35.Qe4 Qf5
36.Qxf5 Nxf5 37.Rd5 Ne7 38.Re5 g6 39.f4 Kg7  0-1

[Event "ch-LTU w 2014"]
[Site "Vilnius LTU"]
[Date "2014.02.21"]
[Round "5.4"]
[White "Batkovskyte,D"]
[Black "Semonaviciute,Migle"]
[Result "1-0"]
[WhiteElo "2110"]
[BlackElo "1566"]

1.d4 d5 2.c4 dxc4 3.e4 e5 4.Nf3 exd4 5.Bxc4 Bb4+ 6.Nbd2 Ne7 7.Ng5 Nd5 8.Nxf7 Kxf7
9.Bxd5+ Ke7 10.O-O h6 11.Qh5 Qf8 12.a3 Bd6 13.e5 Bc5 14.Ne4 Kd8 15.Nxc5 c6
16.Ne6+ Bxe6 17.Bxe6 Nd7 18.Bxd7 Kxd7 19.Qg4+ Kc7 20.Qxd4 Qe7 21.Bf4 g5 22.Qd6+ Qxd6
23.exd6+ Kd7 24.Bg3 Rhe8 25.Rfe1 h5 26.h4 gxh4 27.Bxh4 Rxe1+ 28.Rxe1 Kxd6
29.Re7 b6 30.Rh7 a5 31.Rh6+ Kc7 32.Bg3+ Kb7 33.Rxh5 Rd8 34.Rh6 Rd1+ 35.Kh2 Rd2
36.Be5 Rxf2 37.Kg3 Re2 38.Bc3 b5 39.Kf3 Rc2 40.g4 b4 41.axb4 axb4 42.Be5 c5
43.g5 Rc1 44.g6 Rg1 45.g7 c4 46.Rh8 c3 47.bxc3 b3 48.g8=Q Rxg8 49.Rxg8 b2
50.Rb8+  1-0

[Event "Chebanenco Mem IM 2014"]
[Site "Chisinau MDA"]
[Date "2014.02.27"]
[Round "6.3"]
[White "Bargan,Se"]
[Black "Itkis,B"]
[Result "0-1"]
[WhiteElo "2257"]
[BlackElo "2373"]

1.d4 d5 2.c4 dxc4 3.e4 Nc6 4.Be3 Nf6 5.Nc3 e5 6.d5 Ne7 7.Bxc4 Ng6 8.f3 a6
9.Nge2 Bd6 10.O-O O-O 11.Qc2 Nh5 12.Rfc1 Nhf4 13.Nxf4 exf4 14.Bf2 Qg5 15.Kh1 Bd7
16.Ne2 Rfe8 17.Rab1 Qh6 18.Nd4 Re5 19.b4 Rh5 20.Bg1 Ne5 21.b5 g5 22.bxa6 bxa6
23.Be2 Rh4 24.Rb3 f6 25.Rcb1 Kf7 26.Rb8 Rxb8 27.Rxb8 g4 28.fxg4 f3 29.Bxf3 Nc6
30.g3 Nxd4 31.Bxd4 Bxg3 32.Bg1 Bd6 33.e5 fxe5 34.Rd8 Ke7 35.Rg8 Qf4 36.Qf2 Rh6
37.Rg7+ Kd8 38.Be2 Rg6 39.Qh4+ Ke8  0-1

[Event "FSFMB March 2014"]
[Site "Budapest HUN"]
[Date "2014.03.04"]
[Round "3.5"]
[White "Ongut,Tamas Gunes"]
[Black "Machlik,Endre"]
[Result "0-1"]
[WhiteElo "1531"]
[BlackElo "1763"]

1.d4 d5 2.c4 dxc4 3.e4 Nc6 4.Be3 Nf6 5.Nc3 e6 6.Bxc4 Bb4 7.e5 Nd5 8.Bxd5 Bxc3+
9.bxc3 Qxd5 10.Nf3 b6 11.O-O Bb7 12.Qb3 Na5 13.Qxd5 Bxd5 14.Nd2 Ke7 15.Rfc1 Nc4
16.Nxc4 Bxc4 17.g3 Rhd8 18.a3 b5 19.f4 a5 20.Kf2 Kd7 21.Kf3 Kc6 22.h4 Kd5
23.Rd1 Rab8 24.Rab1 Rb6 25.Rb2 Rdb8 26.Rdd2 b4 27.axb4 axb4 28.cxb4 Rxb4
29.Rxb4 Rxb4 30.g4 Rb1 31.h5 h6 32.g5 Rh1 33.Kg4 Ke4  0-1

[Event "Meurthe et Moselle GM 2014"]
[Site "Nancy FRA"]
[Date "2014.03.05"]
[Round "1.4"]
[White "Brunner,N"]
[Black "Donchenko,Alexa"]
[Result "0-1"]
[WhiteElo "2449"]
[BlackElo "2463"]

1.d4 d5 2.c4 dxc4 3.e4 e5 4.Nf3 Bb4+ 5.Nc3 exd4 6.Nxd4 Nd7 7.Bxc4 Ngf6 8.O-O O-O
9.f3 Nb6 10.Be2 Qe7 11.Nc2 Bc5+ 12.Kh1 Rd8 13.Qe1 h6 14.Qh4 c6 15.g4 Nbd7
16.Ne3 Nd5 17.Qxe7 Nxe7 18.Rd1 b5 19.Nf5 Nxf5 20.gxf5 Re8 21.Bf4 Bb6 22.Rac1 Ne5
23.Bg3 Bb7 24.f4 Nc4 25.Bxc4 bxc4 26.Rd7 Rab8 27.Kg2 Be3 28.Rc2 Red8 29.Rxd8+ Rxd8
30.Kf3 Rd3 31.Ke2 Ba6 32.Ke1 h5 33.Rg2 Kf8 34.a4 Bc1 35.Rc2 Be3 36.Rg2 Bb7
37.Bf2 Bxf4 38.Bxa7 Be5 39.Bc5+ Ke8 40.h4 Rh3 41.Bf2 c5 42.a5 Rh1+ 43.Kd2 Ra1
44.Bxc5 Rxa5 45.Be3 Ra1 46.Rg5 Rh1 47.Rxh5 Rh2+ 48.Kc1 Bxc3 49.bxc3 Bxe4
50.f6 gxf6 51.Rh8+ Ke7 52.Bd2 Bg6 53.Kd1 Ke6 54.Ke1 Kf5 55.Rd8 Rh1+ 56.Kf2 Rxh4
57.Rd5+ Ke6 58.Rd4 Rh2+ 59.Kg3 Re2 60.Kf3 Bd3 61.Be3 Rc2 62.Rf4 f5 63.Bd4 Be4+
64.Ke3 Rh2 65.Rf2 Rh3+ 66.Kf4 f6 67.Rf1 Rd3 68.Rf2 Rh3 69.Rf1 Rd3 70.Rf2 Rxd4
71.cxd4 c3 72.Ke3 c2 73.Rf1 Kd5 74.Re1 Kc4 75.Rg1 Kc3 76.Re1 Bc6 77.Rc1 Bd5
78.Kf4 Be6 79.d5 Bd7 80.Ke3 f4+  0-1

[Event "Meurthe et Moselle GM 2014"]
[Site "Nancy FRA"]
[Date "2014.03.05"]
[Round "2.4"]
[White "Demuth,A"]
[Black "Donchenko,Alexa"]
[Result "1/2-1/2"]
[WhiteElo "2488"]
[BlackElo "2463"]

1.d4 d5 2.c4 dxc4 3.e4 e5 4.Nf3 Bb4+ 5.Nc3 exd4 6.Nxd4 Nd7 7.Bxc4 Ngf6 8.O-O O-O
9.Bf4 Bxc3 10.bxc3 Nxe4 11.Nb5 Qf6 12.Bxc7 Qc6 13.Bd5 Qxb5 14.Bxe4 Qc4 15.Bxb7 Bxb7
16.Qxd7 Qxc3 17.Rab1 Qc6 18.Qxc6 Bxc6 19.Rfc1 Bd5 20.a3 Rac8 21.Bd6 Rfd8
22.Rxc8 Rxc8 23.Rb8 Rxb8 24.Bxb8 a6 25.Bc7 Bc6 26.Bb8 Bd5 27.Bc7 Bc6 28.Bb8 Bd5  1/2-1/2

[Event "Meurthe et Moselle GM 2014"]
[Site "Nancy FRA"]
[Date "2014.03.08"]
[Round "8.4"]
[White "Genzling,A"]
[Black "Donchenko,Alexa"]
[Result "0-1"]
[WhiteElo "2405"]
[BlackElo "2463"]

1.d4 d5 2.c4 dxc4 3.e4 b5 4.a4 c6 5.axb5 cxb5 6.Nc3 a6 7.Nxb5 axb5 8.Rxa8 Bb7
9.Ra1 e6 10.Nf3 Nf6 11.Be2 Nxe4 12.O-O Qd5 13.Ne1 Nc6 14.Be3 Bd6 15.Bf3 O-O
16.g3 f5 17.Bg2 b4 18.f3 Nf6 19.f4 Qb5 20.Kh1 Nd5 21.Bg1 b3 22.Qe2 Re8 23.Nf3 Ncb4
24.Ra7 Ba6 25.Rxa6 Nxa6 26.Nd2 Nb6 27.Rc1 Nb4 28.Rc3 Qa6 29.Bf3 Na2 30.Rxb3 Nc1
31.Rxb6 Qxb6 32.Qxc4 Qxb2 33.Qc6 Rd8 34.Nf1 Ne2 35.Qc4 Nxg1 36.Qxe6+ Kh8
37.Kxg1 Qxd4+ 38.Kg2 Bc5 39.Kh3 Rf8 40.Bd5 Qd1 41.Bc4 Qd6 42.Qxd6 Bxd6 43.Nd2 Rc8
44.Be6 Rc2 45.Nf3 g6 46.Bd5 Kg7 47.Bb7 Kf6 48.Nh4 h6 49.Ng2 g5 50.Bd5 g4+  0-1

[Event "TCh-SWE Elitserien 2013-14"]
[Site "Sweden SWE"]
[Date "2014.03.08"]
[Round "8.5"]
[White "Lindgren,P"]
[Black "Svensk,I"]
[Result "0-1"]
[WhiteElo "2298"]
[BlackElo "2239"]

1.d4 d5 2.c4 dxc4 3.e4 e5 4.Nf3 Bb4+ 5.Nc3 exd4 6.Nxd4 Ne7 7.Bxc4 Nbc6 8.Nb5 Qxd1+
9.Kxd1 Bg4+ 10.f3 O-O-O+ 11.Ke2 Be6 12.Bxe6+ fxe6 13.a3 Bc5 14.Na4 Bd4 15.Bg5 Bf6
16.Be3 a6 17.Nbc3 Nd4+ 18.Kf2 Nec6 19.Rad1 Nc2 20.Ne2 Ne5 21.Bc1 Nd3+ 22.Kg3 b5
23.Nac3 c5 24.Nd5 Nxb2 25.Rd2 exd5 26.Rxc2 Nc4 27.exd5 Rxd5 28.Nc3 Bxc3 29.Rxc3 Re8
30.h4 g6 31.Bf4 Kb7 32.a4 Nb6 33.axb5 axb5 34.h5 gxh5 35.Rb1 Kc6 36.Be3 Nc4
37.Bc1 Re1 38.Kf2 Rdd1 39.f4 Nd6 40.Rc2 Ne4+  0-1